| 000 | 00811nam a2200217 i 4500 | ||
|---|---|---|---|
| 001 | 67396 | ||
| 003 | ES-MaACL | ||
| 005 | 20230906170046.0 | ||
| 007 | t| | ||
| 008 | 040524s2003 sp ||||1| spa d | ||
| 080 | _a616.314 | ||
| 080 | _a611.92 | ||
| 100 | 1 |
_aGómez-Plana Sánchez-Cosío, Francisco. _958118 |
|
| 245 | 1 | 0 |
_aBelleza y arte de la cara _b: normas de la faz humana / _cFrancisco Gómez-Plana Sánchez-Cosío. |
| 260 |
_a[Barcelona] : _bF. Gómez-Plana, _c[2003] |
||
| 300 |
_a73 h. : _bil. col. ; _c31 cm. |
||
| 500 | _aDiscurso de ingreso de académico correspondiente en la Real Academia de San Romualdo de Ciencias, Letras y Artes de San Fernando, Cadiz, 16 de septiembre de 1983. | ||
| 650 | 1 | 4 |
_aOdontología. _915690 |
| 650 | 1 | 4 |
_aCara. _910769 |
| 852 |
_aES-MaACL _jL-27659 _bR.133602 |
||
| 999 |
_c67396 _d67396 |
||